000 00412nam a2200169Ia 4500
003 LK-CoDNM
008 010623t1916 xxu||||| |||| 00| 1 eng d
040 _aLK-CoDNM
_dLK-CoDNM
_eLK-CoDNM
041 _aeng
080 _a50
_bC16
100 _aLe Goc,M.J.
245 _aThe facts of lourdes
260 _bMessenger Press
_aColombo
_c1916
300 _b31P,15ill., 21 cm
650 _aChristianity
942 _cBK
999 _c88780
_d88780